Welcome to WEB OPAC of MRSPTU Central Library

Pratinidhi Kavitayen ( प्रतिनिधि कविताएँ) (Record no. 10128)

MARC details
000 -LEADER
fixed length control field 00442nam a22001577a 4500
003 - CONTROL NUMBER IDENTIFIER
control field OSt
005 - DATE AND TIME OF LATEST TRANSACTION
control field 20240419161350.0
008 - FIXED-LENGTH DATA ELEMENTS--GENERAL INFORMATION
fixed length control field 240419b |||||||| |||| 00| 0 eng d
040 ## - CATALOGING SOURCE
Transcribing agency MRSPTU
100 ## - MAIN ENTRY--PERSONAL NAME
Personal name Namwar Singh (नामवर सिंह)
245 ## - TITLE STATEMENT
Title Pratinidhi Kavitayen ( प्रतिनिधि कविताएँ)
250 ## - EDITION STATEMENT
Edition statement 11th
260 ## - PUBLICATION, DISTRIBUTION, ETC.
Place of publication, distribution, etc. Delhi
Name of publisher, distributor, etc. Rajkamal Prakashan
Date of publication, distribution, etc. 2010
300 ## - PHYSICAL DESCRIPTION
Extent 144
942 ## - ADDED ENTRY ELEMENTS (KOHA)
Source of classification or shelving scheme Dewey Decimal Classification
Koha item type Book
Suppress in OPAC No
Holdings
Withdrawn status Lost status Source of classification or shelving scheme Damaged status Not for loan Collection Home library Current library Date acquired Total checkouts Barcode Date last seen Price effective from Koha item type
    Dewey Decimal Classification     BK MRSPTU Central Library MRSPTU Central Library 04/19/2024   G-332 04/19/2024 04/19/2024 Book

Website Designed and Developed by MRSPTU Central Library Team

E-mail Id: librarian@mrsptu.ac.in